| Tag |
First Indicator |
Second Indicator |
Subfields |
| LEADER |
00000cam a2200000 i 4500 |
| 001 |
in00000015393 |
| 005 |
20190628171958.0 |
| 008 |
871103t19881988nyu 000 f eng |
| 010 |
|
|
|a 87031324
|
| 035 |
|
|
|a (OCoLC)ocm17108799
|
| 035 |
|
|
|a (OCoLC)17108799
|
| 035 |
|
|
|9 AAB0216AM
|
| 040 |
|
|
|a DLC
|b eng
|e rda
|c DLC
|d OCL
|d OCLCQ
|d BTCTA
|d YDXCP
|d BAKER
|d MEAUC
|d YHM
|d DEBBG
|d YVO
|d GBVCP
|d OCLCF
|d OCLCQ
|d OCLCO
|d NMC
|d JAO
|d OCL
|d BRL
|d TYC
|d OCLCA
|d INT
|d OCLCQ
|d TXA
|
| 019 |
|
|
|a 16188489
|
| 020 |
|
|
|a 0688076327
|
| 020 |
|
|
|a 9780688076320
|
| 035 |
|
|
|a (OCoLC)17108799
|z (OCoLC)16188489
|
| 043 |
|
|
|a n-us-pa
|
| 050 |
0 |
0 |
|a PS3553.H15
|b M97 1988
|
| 082 |
0 |
0 |
|a 813/.54
|2 19
|
| 084 |
|
|
|a HU 9800
|2 rvk
|
| 049 |
|
|
|a TXAM
|
| 100 |
1 |
|
|a Chabon, Michael,
|e author.
|
| 245 |
1 |
4 |
|a The mysteries of Pittsburgh /
|c Michael Chabon.
|
| 250 |
|
|
|a First edition.
|
| 264 |
|
1 |
|a New York :
|b William Morrow and Company, Inc.
|c [1988]
|
| 264 |
|
4 |
|c ©1988
|
| 300 |
|
|
|a 297 pages ;
|c 22 cm
|
| 336 |
|
|
|a text
|b txt
|2 rdacontent
|
| 337 |
|
|
|a unmediated
|b n
|2 rdamedia
|
| 338 |
|
|
|a volume
|b nc
|2 rdacarrier
|
| 520 |
|
|
|a This summer Art Bechstein graduates from college and finds himself poised on the brink of freedom and limitless possibilities.
|c Publisher.
|
| 500 |
|
|
|a The Cushing Library/Women & Gender Studies copy was acquired as part of The Don Kelly Research Collection of Gay Literature and Culture.
|5 TXA
|
| 500 |
|
|
|a The Cushing Library/Women & Gender Studies copy is signed by the author.
|5 TXA
|
| 651 |
|
0 |
|a Pittsburgh (Pa.)
|v Fiction.
|
| 650 |
|
0 |
|a City and town life
|v Fiction.
|
| 650 |
|
0 |
|a College students
|v Fiction.
|
| 650 |
|
0 |
|a Young men
|v Fiction.
|
| 650 |
|
7 |
|a City and town life.
|2 fast
|0 (OCoLC)fst00862081
|
| 650 |
|
7 |
|a College students.
|2 fast
|0 (OCoLC)fst00867976
|
| 650 |
|
7 |
|a Young men.
|2 fast
|0 (OCoLC)fst01183263
|
| 651 |
|
7 |
|a Pennsylvania
|z Pittsburgh.
|2 fast
|0 (OCoLC)fst01205171
|
| 653 |
|
0 |
|a City and town life
|a Fiction
|
| 653 |
|
0 |
|a College students
|a Fiction
|
| 653 |
|
0 |
|a Pittsburgh (Pa.)
|a Fiction
|
| 653 |
|
0 |
|a Young men
|a Fiction
|
| 655 |
|
7 |
|a Bildungsromans.
|2 fast
|0 (OCoLC)fst01726536
|
| 655 |
|
7 |
|a Bildungsromans.
|2 lcgft
|
| 655 |
|
7 |
|a Fiction.
|2 fast
|0 (OCoLC)fst01423787
|
| 776 |
0 |
8 |
|i Online version:
|a Chabon, Michael.
|t Mysteries of Pittsburgh.
|b 1st ed.
|d New York : W. Morrow, ©1988
|w (OCoLC)570842385
|
| 994 |
|
|
|a C0
|b TXA
|
| 948 |
|
|
|a updated
|b h
|c 2019/6/28
|d c
|e nbehmer
|f 5:19:35 pm
|
| 999 |
f |
f |
|s 6be97e57-0f67-374e-8992-7d240eea6625
|i 0eb6692e-9b15-3415-97df-5e95f4bbe1da
|t 0
|
| 952 |
f |
f |
|p ric
|a Texas A&M University
|b Rellis Campus
|c Joint Library Facility
|s JLF
|d Remote Storage
|t 0
|e PS3553.H15 M97 1988
|h Library of Congress classification
|i unmediated -- volume
|m A14811588898
|
| 998 |
f |
f |
|a PS3553.H15 M97 1988
|t 0
|l Remote Storage
|